LIBRARY & INFORMATION CENTRE, KCAET, TAVANUR

ONLINE PUBLIC ACCESS CATALOGUE (OPAC)

Food Science; Experiments and Applications (Record no. 14394)

MARC details
000 -LEADER
fixed length control field 00372nam a22001457a 4500
020 ## - INTERNATIONAL STANDARD BOOK NUMBER
ISBN 9788123916934
082 ## - DEWEY DECIMAL CLASSIFICATION NUMBER
Classification number 664.
Item number MOH/FO
100 ## - MAIN ENTRY--AUTHOR NAME
Personal name Mohini,Sethi
100 ## - MAIN ENTRY--AUTHOR NAME
Personal name Rao,Eram S.
245 ## - TITLE STATEMENT
Title Food Science; Experiments and Applications
250 ## - EDITION STATEMENT
Edition statement 2 nd
260 ## - PUBLICATION, DISTRIBUTION, ETC. (IMPRINT)
Place of publication New Delhi
Name of publisher CBS Publishers & Distributors Pvt. Ltd
Year of publication 2005
300 ## - PHYSICAL DESCRIPTION
Number of Pages 281
942 ## - ADDED ENTRY ELEMENTS (KOHA)
Koha item type Books
Holdings
Withdrawn status Lost status Damaged status Collection code Home library Current library Shelving location Date acquired Source of acquisition Cost, normal purchase price Full call number Accession Number Koha item type
        KAUAET KAUAET General Stacks 28/06/2016 Current Books (India) Pvt. Ltd,Kottayam 245.00 664. MOH/FO 23921 Books
free website counter